| 000 | 00571nam a22001697a 4500 | ||
|---|---|---|---|
| 005 | 20231115082013.0 | ||
| 008 | 231115b |||||||| |||| 00| 0 eng d | ||
| 020 | _a9783939886013 ; 9789991684949 | ||
| 041 | _aEnglish | ||
| 082 | _a344.4 ENV | ||
| 100 | _lEnglish | ||
| 245 |
_aEnvironmental Law and Policy in Namibia / _cedited by OC Ruppel and K Ruppel-Schlichting |
||
| 260 |
_aWindhoek : _bEnvironmental Law and Policy in Namibia, _c2011 |
||
| 300 |
_bxxvi, 425 pages ; _c25 cm. |
||
| 650 |
_aLegal practice _bLaw |
||
| 942 |
_cBK _6ALISON_BN_VRIES |
||
| 999 |
_c655 _d655 |
||